000 00329nam a2200145Ia 4500
008 181130s2018 xx 000 0 und d
100 _aJyothi K.K.
245 _aPotential of sericulture
260 _c2018
300 _ap.36-38.
504 _dApr
650 _aSericulture
773 _aKurukshetra
906 _aSericulture
999 _c506571
_d506571